Vista normal Vista MARC

Entrada Topical Term

Número de registros utilizados en: 1

001 - CONTROL NUMBER

  • control field: 49242

003 - CONTROL NUMBER IDENTIFIER

  • control field: OSt

005 - DATE AND TIME OF LATEST TRANSACTION

  • control field: 20210920195912.0

008 - FIXED-LENGTH DATA ELEMENTS

  • fixed length control field: 860211i| anannbabn |a ana

040 ## - CATALOGING SOURCE

  • Original cataloging agency: clbn-clbn

083 ## - DEWEY DECIMAL CLASSIFICATION NUMBER

  • Classification number element-single number or beginning number of span: 371.89-19

150 ## - HEADING--TOPICAL TERM

  • Topical term or geographic name entry element: Educacion Extraescolar

450 ## - SEE FROM TRACING--TOPICAL TERM

  • Topical term or geographic name entry element: Actividades extra-curriculares

450 ## - SEE FROM TRACING--TOPICAL TERM

  • Topical term or geographic name entry element: Actividades extraescolares

450 ## - SEE FROM TRACING--TOPICAL TERM

  • Topical term or geographic name entry element: Actividades fuera de programa

450 ## - SEE FROM TRACING--TOPICAL TERM

  • Topical term or geographic name entry element: Estudiantes-Actividades extraescolares

670 ## - SOURCE DATA FOUND

  • Source citation: LEMB

670 ## - SOURCE DATA FOUND

  • Source citation: Listado de terminología normalizada: sector educación / Ministerio de Educación, Superintendencia de Educación, p.122

670 ## - SOURCE DATA FOUND

  • Source citation: Tesauro de la UNESCO.-- v.2, p.201

750 ## - ESTABLISHED HEADING LINKING ENTRY--TOPICAL TERM

  • Topical term or geographic name entry element: Out of school education

750 ## - ESTABLISHED HEADING LINKING ENTRY--TOPICAL TERM

  • Topical term or geographic name entry element: Student Activities